000 00382 a2200169 4500
001 175449
020 _a85-08-08813-2
040 _cMagnum
100 _aGewandsznajder, Fernando
240 1 0 _aBiologia hoje 3
_lpor
245 1 0 _aBiologia hoje 3
300 _a424
362 0 _a2003
440 1 _aÁtica
697 _aCIÊNCIAS FÍSICAS, QUÍMICAS E BIOLÓGICAS
942 _cBK
999 _c175449
_d175449